Soft Drinks Close-Up Quiz Stats

Quiz Updated Jul 21, 2013

Also try: 'Brand X' Logos
Challenge
Share
Tweet
Score 0/24 Timer 03:00
4 Plays Today
No. Soft Drink % Correct
17Sprite
94.1%
13Coca-Cola
93.4%
10Diet Coke
93%
5Sunkist
91.9%
20Mountain Dew
90.6%
23Dr Pepper
90.4%
4Pepsi
90.3%
6Monster
90.2%
16Red Bull
89.9%
14Fanta Grape
89.7%
17-Up
88.2%
18Diet Pepsi
82.1%
No. Soft Drink % Correct
19Canada Dry Ginger Ale
74.9%
7Lipton Brisk Tea
70%
21RC Cola
66.6%
15Mug Root Beer
62.2%
8Barq's Root Beer
59.3%
24Sierra Mist
56.9%
9Schweppes Ginger Ale
53.3%
22Rockstar
46.4%
12Squirt
44.9%
11Amp
42.6%
3Fresca
37.7%
2Sun Drop
34%

You're not logged in!

Compare scores with friends on all Sporcle quizzes.
Join for Free
OR
Log In

You Might Also Like...

Show Comments

Extras

Top Quizzes Today


Score Distribution

Your Account Isn't Verified!

In order to create a playlist on Sporcle, you need to verify the email address you used during registration. Go to your Sporcle Settings to finish the process.

Report this User

Report this user for behavior that violates our Community Guidelines.

Details: